000 00571nam a2200241Ia 4500
005 20260320201103.0
008 008 262003s9999 xx 000 0 eng d
037 _aEBOOK
040 _aCRL
040 _beng
040 _cCRL
041 _2eng
041 _aeng
084 _qCRL
100 _aLicursi de Mello
_91134219
245 0 _aMetasurface-driven Electronic Warfare
260 _bIEEE
260 _c2025
856 _uhttps://ieeexplore.ieee.org/servlet/opac?bknumber=10799164
942 _cEBOOK
999 _c1718782
_d1718782